000
00321nam a22001457a 4500
008
210308b ||||| |||| 00| 0 eng d
020
_a
0395317347
041
_a
eng
080
_2
6th
_a
038
082
_a
038
100
_a
23
101
_a
FJA
245
_a
Practical English Handbook
_c
Watkins, F. C
942
_2
udc
_c
BK
999
_c
55920
_d
55920